00678nam a2200241Ia 4500008004100000020001800041100001700059245005600076245004900132260001500181260002000196260000900216300001600225300002700241300001600268440002700284440000800311650002300319650003600342650002500378650002500403700000800428160803s9999 xx 000 0 und d a9780590446839 aCole, Joanna 4aThe magic school bus and the electric field trip /  cby Joanna Cole ; illustrated by Bruce Degen. aNew York : bScholastic Inc. c1997 a48 pages :  bcolor illustrations ;  c22 x 27 cm. aThe Magic school bus ; v#1. aElectric power --  aElectric power distribution --  xJuvenile literature. xJuvenile literature. a490